Improve your word power / (Record no. 157556)

MARC details
000 -LEADER
fixed length control field 00519nam a22001817a 4500
005 - DATE AND TIME OF LATEST TRANSACTION
control field 20181020103530.0
010 ## - LCCN (DPL NO)
LC control number ENG-123993
020 ## - INTERNATIONAL STANDARD BOOK NUMBER
International Standard Book Number 9789352660056
Terms of availability 600.00
035 ## - SYSTEM CONTROL NUMBER
System control number EN-107525
037 ## - SOURCE OF ACQUISITION
Source of stock number/acquisition DBAD/PUB
082 ## - DEWEY DECIMAL CLASSIFICATION NUMBER
Classification number 488.1
100 ## - MAIN ENTRY--PERSONAL NAME
Personal name Jain, Subhash
245 ## - TITLE STATEMENT
Title Improve your word power /
Statement of responsibility, etc by Subhash Jain
260 ## - PUBLICATION, DISTRIBUTION, ETC. (IMPRINT)
Place of publication, distribution, etc New Delhi
Name of publisher, distributor, etc Prabhat Prakashan
Date of publication, distribution, etc 2017
270 ## - ADDRESS
City New Delhi
Postal code 110002
Address 4/19, Asaf Ali Road,
300 ## - PHYSICAL DESCRIPTION
Extent 468p.
Dimensions 22cm.(Hb.)
Other physical details ill.
942 ## - ADDED ENTRY ELEMENTS (KOHA)
Source of classification or shelving scheme Dewey Decimal Classification
Item type English Books
Classification part 488.1
Call number suffix JAI
Holdings
Withdrawn status Lost status Not for loan Collection code Home library Current library Date acquired Source of acquisition Cost, normal purchase price Full call number Barcode Copy number Cost, replacement price Koha item type
    Not For Loan Non-fiction D.B.Act.Division Patel Nagar 19/09/2018 DBAD/PUB 600.00 488.1 JAI EN-107525 1 600.00 English Books

© Delhi Public Library
Hit Counter
free hit counter